| 000 | 01829cam a22004577a 4500 | ||
|---|---|---|---|
| 003 | CHAP | ||
| 005 | 20220329141939.0 | ||
| 008 | 980904d1997 mx rs o 11 spa d | ||
| 010 | _a76107 | ||
| 011 | _a77079 | ||
| 020 | _a9701315715 | ||
| 035 | _a86678 | ||
| 040 | _cCHAP | ||
| 082 | 0 | 4 |
_a338.972 _bI51 Ags. |
| 110 | 2 |
_aInstituto Nacional de Estadística, Geografía e Informática. México _959304 |
|
| 245 | 1 | 0 |
_aAguascalientes hoy : _b1996 _c/por Instituto Nacional de Estadística, Geografía e Informática |
| 260 |
_aAguascalientes, Ags. : _bInstituto Nacional de Estadística, Geografía e Informática, _c1997. |
||
| 300 |
_a181 p. : _bilus. ; gráfs. ; mapa |
||
| 590 |
_aBATCH-UPD _b10 _c20130110 _lUCH01 _h0540 |
||
| 590 |
_aBATCH-UPD _b10 _c20130110 _lUCH01 _h2239 |
||
| 590 |
_aBATCH-UPD _b10 _c20130410 _lUCH01 _h0221 |
||
| 590 |
_aBATCH-UPD _b10 _c20130410 _lUCH01 _h1609 |
||
| 590 |
_aBATCH-UPD _b10 _c20130914 _lUCH01 _h1323 |
||
| 590 |
_aCONVERSION _b10 _c20130109 _lUCH01 _h1342 |
||
| 650 | 1 | 4 |
_aAgricultura _xEstadisticas _zAguascalientes. _91444 |
| 650 | 1 | 4 |
_aAguascalientes _xCondiciones economicas. _92594 |
| 650 | 1 | 4 |
_aAguascalientes _xCondiciones sociales. _92596 |
| 650 | 1 | 4 |
_aAguascalientes _xGeografia. _92601 |
| 650 | 1 | 4 |
_aEmpleo _xAguascalientes. _936546 |
| 650 | 1 | 4 |
_aGanadería _xEstadísticas _zAguascalientes. _944703 |
| 650 | 1 | 4 |
_aIndustria _xAguascalientes. _957685 |
| 650 | 1 | 4 |
_aPesca _xAguascalientes. _987356 |
| 650 | 1 | 4 |
_aPoblación _zAguascalientes. _989413 |
| 650 | 1 | 4 |
_aSalarios _xAguascalientes. _9101265 |
| 650 | 1 | 4 |
_aVivienda _xAguascalientes. _9120117 |
| 901 | _aBK | ||
| 905 | _aLilia Sánchez G. | ||
| 942 | _cLIBRO | ||
| 949 |
_a338.972 I51 Ags. _bBC _cINEGI _d33724000701546 _eINEGI _h94061 _i86678 _sb |
||
| 949 |
_a338.972 I51 Ags. _bBC _cINEGI _d33724000701553 _eINEGI _fc.2 _h94062 _i86678 _sb |
||
| 999 |
_c76107 _d76107 |
||